Η παιδικότητα ως κοινωνική κατασκευή : μια ιστοριογραφική και εμπειρική προσέγγιση ; διπλωματική εργασία [πτυχιακή εργασία]

Αποθηκεύτηκε σε:
Λεπτομέρειες βιβλιογραφικής εγγραφής
Κύριος συγγραφέας: Σμυρνάκη, Μαρία-Μιχαέλα
Συγγραφή απο Οργανισμό/Αρχή: Πανεπιστήμιο Αιγαίου Σχολή Ανθρωπιστικών Επιστημών Τμήμα Επιστημών της Προσχολικής Αγωγής και του Εκπαιδευτικού Σχεδιασμού
Άλλοι συγγραφείς: Κοντάκος, Αναστάσιος (dgs [Επιβλέπων καθηγητής])
Μορφή: Thesis Βιβλίο
Γλώσσα:Greek
Δημοσίευση: 2017.
Θέματα:
Διαθέσιμο Online:http://hdl.handle.net/11610/17479
Ετικέτες: Προσθήκη ετικέτας
Δεν υπάρχουν, Καταχωρήστε ετικέτα πρώτοι!

MARC

LEADER 00000cam a2200000 a 4500
001 1/114572
008 170731s2017####gr | ||| |||| ||gre||
040 |a GR-MyUa  |b gre  |c GR-MyUa  |e AACR2 
041 0 |a gre 
082 7 |a 305.231   |2 (23) 
100 1 |a Σμυρνάκη, Μαρία-Μιχαέλα. 
245 1 2 |a Η παιδικότητα ως κοινωνική κατασκευή :   |b μια ιστοριογραφική και εμπειρική προσέγγιση ; διπλωματική εργασία [πτυχιακή εργασία] /   |c Σμυρνάκη Μαρία-Μιχαέλα ; επιβλέπων καθηγητής: Κοντάκος Αναστάσιος.  
260 |c 2017.  
300 |a 67 σ. :   |b διαγρ. ;   |c 30 εκ.  
500 |a Υπάρχει ψηφιακό αντίγραφο.  
500 |a Μέλη εξεταστικής επιτροπής: Σταμάτης Παναγιώτης, Νικολάου Ελένη.  
502 # # |a Πτυχιακή εργασία – Πανεπιστήμιο Αιγαίου, Ρόδος, 2017. 
504 |a Βιβλιογραφία: σ. 61-63.  
506 1 |a Πλήρες κείμενο - Ενδοπανεπιστημιακή δημοσίευση - Κλειδωμένη η δυνατότητα αντιγραφής.  
650 0 |a Child development. 
650 0 |a Developmental psychology. 
650 0 |a Child psychology. 
650 0 |a Child analysis. 
700 1 |a Κοντάκος, Αναστάσιος,  |e dgs [Επιβλέπων καθηγητής] 
710 2 |a Πανεπιστήμιο Αιγαίου  |b Σχολή Ανθρωπιστικών Επιστημών  |b Τμήμα Επιστημών της Προσχολικής Αγωγής και του Εκπαιδευτικού Σχεδιασμού. 
852 |a INST  |b RHODES  |c DIATR  |e 20170731  |h 305.231 ΣΜΥ  |p 005400039461  |q 005400039461  |t DIE  |y 23 
856 |u http://hdl.handle.net/11610/17479 
924 |a Σμυρνάκη   |b Μαρία-Μιχαέλα   |y Ρόδος  |z 2017-06  
970 |z 31-07-2017